Súčasné tendencie v inžinierskej psychológii : príspevok k systémovej ergonómii /

Uloženo v:
Podrobná bibliografie
Hlavní autor: Stríženec, Michal, 1932- (Autor)
Médium: Kniha
Jazyk:čeština
Vydáno: Bratislava : Slovenská akadémia vied, 1971
Edice:rz1
On-line přístup: Získat plný text
Tagy: Přidat tag
Žádné tagy, Buďte první, kdo vytvoří štítek k tomuto záznamu!

MARC

LEADER 00000cam a2200000 4500
003 SK-BrCVT
005 20220618080127.0
008 090729s1971 cs e ||||||cze d
035 |a CVTIDWR001253 
040 |a    |b slo  |c    |d   
041 0 |a cze 
044 |a cs 
100 |a Stríženec, Michal,  |d 1932-  |4 aut 
245 1 0 |a Súčasné tendencie v inžinierskej psychológii :  |b príspevok k systémovej ergonómii /  |c Michal Stríženec 
260 3 |a Bratislava :  |b Slovenská akadémia vied,  |c 1971 
300 |a 203 s. 
830 |a rz1 
974 |f Knihy 
999 |c 193120  |d 193120